| 000 | 00755nam a2200241 i 4500 | ||
|---|---|---|---|
| 003 | DO-SdBNP | ||
| 005 | 20230705082545.0 | ||
| 007 | ta | ||
| 008 | 230627b2018 dr ac||| |||| 00| 0 spa d | ||
| 020 | _a9789945913538 | ||
| 040 |
_aDO-SdBNP _bspa _cBNPHU _erda |
||
| 082 | 4 |
_bR426p _222 |
|
| 110 |
_aRepública Dominicana. _bMinisterio de Educación Superior, Ciencia y Tecnología _956809 |
||
| 245 | 1 | 0 | _aProtocolo para la organización y desarrollo de la evaluación quinquenal |
| 264 | 1 |
_aSanto Domingo : _bMESCYT, _c2018. |
|
| 300 |
_a12 páginas < _c22 cm |
||
| 336 |
_2rdacontent _atexto _btxt |
||
| 337 |
_2rdamedia _asin mediación _bn |
||
| 338 |
_2rdacarrier _avolumen _bnc |
||
| 590 | _aInventariado, 2023/DG | ||
| 910 | _aDG | ||
| 942 |
_2ddc _cLF2 |
||
| 999 |
_c54095 _d54095 |
||